000 00535nam a2200205Ia 4500
005 20250425162824.0
008 250425s9999 xx 000 0 und d
041 _aeng
100 _aMASON, WARREN P.
245 0 _aPHYSICAL ACOUSTICS: PRINCIPLES AND METHODS (VOLUME I-PART A)
250 _a1ST ED.
264 _aEstados Unidos, NEW YORK
_bACADEMIC PRESS
_c1964.
300 _a515
362 _aI
650 _aTECNOLOGIA DEL SONIDO
650 _aULTRASONIDOS
700 _aTHURSTON, R.N.
942 _c01
010 _a110399
999 _c237137
_d237137